[Event "4NCL Div 1 2018-19"]
[Site "Daventry"]
[Date "2018.11.11"]
[Round "2"]
[White "Ciuksyte, Dagne"]
[Black "Adams, Philip"]
[Result "1-0"]
[WhiteElo "2303"]
[BlackElo "2095"]
[Annotator "NA"]
[PlyCount "111"]
[EventDate "2018.11.10"]
[EventType "team-tourn"]
[EventCountry "GBR"]
[SourceTitle "playchess.com"]
[Source "ChessBase"]
[SourceQuality "1"]
[TimeControl "40/6000+30:3000+30"]

1. e4 {[%emt 0:00:00]} c5 {[%emt 0:00:00]} 2. Nf3 {[%emt 0:00:00]} e6 {[%emt 0:00:00]} 3. d3 {[%emt 0:00:00]} Nc6 {[%emt 0:00:00]} 4. g3 {[%emt 0:00:00]} g6 {[%emt 0:01:15]} 5. Bg2 {[%emt 0:00:33]} Bg7 {[%emt 0:00:10]} 6. O-O {[%emt 0:00:13]} Nge7 {[%emt 0:00:48]} 7. c3 {[%emt 0:00:32]} d5 {[%emt 0:12:13]} 8. Nbd2 {[%emt 0:01:41]} O-O {[%emt 0:02:32]} 9. Re1 {[%emt 0:03:12]} b6 {[%emt 0:44:04]} 10. e5 {[%emt 0:06:54]} Ba6 {[%emt 0:06:49]} 11. Nf1 {[%emt 0:02:23]} h6 {[%emt 0:07:23]} 12. h4 {[%emt 0:03:05]} Rc8 {[%emt 0:03:57]} 13. Bf4 {[%emt 0:03:15]} Nf5 {[%emt 0:10:12]} 14. Qd2 {[%emt 0:04:39]} f6 {[%emt 0:06:24]} 15. g4 {[%emt 0:15:34]} fxe5 {[%emt 0:02:48]} 16. gxf5 {[%emt 0:00:36]} exf4 {[%emt 0:00:06]} 17. Rxe6 {[%emt 0:07:51]} gxf5 {[%emt 0:00:35]} 18. Qxf4 {[%emt 0:10:38]} Qc7 {[%emt 0:01:26]} 19. Qd2 {[%emt 0:04:27]} Rce8 {[%emt 0:04:00]} 20. Rae1 {[%emt 0:05:27]} Qd7 {[%emt 0:02:43]} 21. Rxe8 {[%emt 0:02:35]} Rxe8 {[%emt 0:00:04]} 22. Rxe8+ {[%emt 0:03:13]} Qxe8 {[%emt 0:00:05]} 23. Ng3 {[%emt 0:03:05]} Bc8 {[%emt 0:00:29]} 24. Qf4 {[%emt 0:02:13]} Qf7 {[%emt 0:02:44]} 25. Bh3 {[%emt 0:05:23]} Be6 {[%emt 0:00:58]} 26. Bxf5 {[%emt 0:04:03]} Bxf5 {[%emt 0:00:39]} 27. Nxf5 {[%emt 0:01:44]} Ne7 {[%emt 0:00:30]} 28. Nxe7+ {[%emt 0:02:32]} Qxe7 {[%emt 0:00:05]} 29. Qf5 {[%emt 0:05:15]} Qd6 {[%emt 0:00:13]} 30. h5 {[%emt 0:01:37]} Kh8 {[%emt 0:00:52]} 31. Nh4 {[%emt 0:01:07]} d4 {[%emt 0:00:52]} 32. Qf7 {[%emt 0:00:38]} Qf6 {[%emt 0:00:27]} 33. Ng6+ {[%emt 0:00:10]} Kh7 {[%emt 0:00:06]} 34. Qxf6 {[%emt 0:01:07]} Bxf6 {[%emt 0:00:04]} 35. c4 {[%emt 0:00:12]} Kg7 {[%emt 0:00:28]} 36. Kg2 {[%emt 0:00:54]} a6 {[%emt 0:00:14]} 37. Kf3 {[%emt 0:00:51]} Kf7 {[%emt 0:00:33]} 38. Ke4 {[%emt 0:00:26]} b5 {[%emt 0:01:02]} 39. Kd5 {[%emt 0:00:59]} bxc4 {[%emt 0:00:07]} 40. Kxc4 {[%emt 0:00:07]} Ke6 {[%emt 0:00:41]} 41. Kxc5 {[%emt 0:51:52]} Kf5 {[%emt 0:50:32]} 42. Kd5 {[%emt 0:00:00]} Kg4 {[%emt 0:00:00]} 43. Ke4 {[%emt 0:00:00]} Kxh5 {[%emt 0:00:00]} 44. Kf5 {[%emt 0:00:00]} Bd8 {[%emt 0:00:00]} 45. b4 {[%emt 0:00:00]} Bg5 {[%emt 0:00:00]} 46. a4 {[%emt 0:00:00]} Bd2 {[%emt 0:00:00]} 47. b5 {[%emt 0:00:00]} axb5 {[%emt 0:00:00]} 48. axb5 {[%emt 0:00:00]} Ba5 {[%emt 0:00:00]} 49. Nf4+ {[%emt 0:00:00]} Kh4 {[%emt 0:00:00]} 50. Nd5 {[%emt 0:00:00]} h5 {[%emt 0:00:00]} 51. b6 {[%emt 0:00:00]} Bxb6 {[%emt 0:00:00]} 52. Nxb6 {[%emt 0:00:00]} Kh3 {[%emt 0:00:00]} 53. Nd5 {[%emt 0:00:00]} Kg2 {[%emt 0:00:00]} 54. Nf4+ {[%emt 0:00:00]} Kxf2 {[%emt 0:00:00]} 55. Nxh5 {[%emt 0:00:00]} Ke3 {[%emt 0:00:00]} 56. Nf4 {[%emt 0:00:04] Ke4+} 1-0

[Event "4NCL Div 1 2018-19"]
[Site "Daventry"]
[Date "2018.11.11"]
[Round "2"]
[White "Ciuksyte, Dagne"]
[Black "Adams, Philip"]
[Result "*"]
[WhiteElo "2303"]
[BlackElo "2095"]
[Annotator "NA"]
[PlyCount "41"]
[EventDate "2018.11.10"]
[EventType "team-tourn"]
[EventCountry "GBR"]
[SourceTitle "playchess.com"]
[Source "ChessBase"]
[SourceQuality "1"]
[TimeControl "40/6000+30:3000+30"]

1. e4 {[%emt 0:00:00]} c5 {[%emt 0:00:00]} 2. Nf3 {[%emt 0:00:30]} Nc6 {[%emt 0:00:30]} 3. d4 {[%emt 0:00:30]} cxd4 {[%emt 0:00:30]} 4. Nxd4 {[%emt 0:00:30]} Nf6 {[%emt 0:00:30]} 5. Nc3 {[%emt 0:00:30]} e5 {[%emt 0:00:30]} 6. Ndb5 {[%emt 0:00:30]} d6 {[%emt 0:00:30]} 7. Bg5 {[%emt 0:00:30]} a6 {[%emt 0:00:30]} 8. Bxf6 {[%emt 0:00:30]} gxf6 {[%emt 0:00:30]} 9. Na3 {[%emt 0:00:30]} b5 {[%emt 0:00:30]} 10. Nd5 {[%emt 0:00:30]} f5 {[%emt 0:00:30]} 11. exf5 {[%emt 0:00:30]} Bxf5 {[%emt 0:00:30]} 12. c3 {[%emt 0:00:30]} Bg7 {[%emt 0:00:30]} 13. Nc2 {[%emt 0:00:30]} Be6 {[%emt 0:00:30]} 14. Nce3 {[%emt 0:00:30]} Ne7 {[%emt 0:00:30]} 15. g3 {[%emt 0:00:30]} Nxd5 {[%emt 0:00:30]} 16. Nxd5 {[%emt 0:00:30]} O-O {[%emt 0:00:30]} 17. Bg2 {[%emt 0:00:30]} a5 {[%emt 0:00:30]} 18. O-O {[%emt 0:00:30]} Rb8 {[%emt 0:00:30]} 19. Qh5 {[%emt 0:00:30]} f5 {[%emt 0:00:30]} 20. Rad1 {[%emt 0:00:30]} Qd7 {[%emt 0:00:30]} 21. Rd2 {[%emt 0:00:30]} *

[Event "4NCL Div 1 2018-19"]
[Site "Daventry"]
[Date "2018.11.11"]
[Round "2"]
[White "Fitzsimons, David"]
[Black "Camacho Collados, Jose"]
[Result "0-1"]
[WhiteElo "2301"]
[BlackElo "2401"]
[Annotator "TA"]
[PlyCount "110"]
[EventDate "2018.11.10"]
[EventType "team-tourn"]
[EventCountry "GBR"]
[SourceTitle "playchess.com"]
[Source "ChessBase"]
[SourceQuality "1"]

{[%evp 30,110,46,57,54,42,50,56,42,35,70,48,48,29,42,28,76,43,168,166,164,77,47,-213,-235,-207,-199,-350,-330,-316,-246,-240,-228,-227,-239,-498,-495,-475,-279,-273,-260,-245,-180,-180,-172,-171,-171,-171,-164,-162,-128,-128,-127,-367,-367,-488,-443,-508,-494,-494,-461,-708,-698,-829,-743,-824,-715,-795,-776,-771,-680,-1903,-1869,-29972,-29973,-29972,-29973,-29988,-29989,-29989,-29990,-29990,-29991]} 1. e4 {Kasimdzhanov,R} e5 2. Nf3 Nf6 3. Nxe5 d6 4. Nf3 Nxe4 5. d4 d5 6. Bd3 Bd6 7. O-O O-O 8. c4 c6 9. Qc2 Na6 10. a3 Re8 11. Nc3 Bg4 {C42: Petroff Defence: 3 Nxe5 and unusual White 3rd moves} 12. Nxe4 dxe4 13. Bxe4 Bxf3 14. Bxf3 Qh4 15. g3 Qxd4 16. Be3 {LiveBook: 15 Games} Qf6 17. Be4 g6 18. b4 Nc7 19. Rad1 {[#]} Red8 $146 20. f4 Bf8 21. Rxd8 Qxd8 22. f5 {[%cal Rf5g6]} Bg7 23. Rd1 Qf6 (23... Qe8 $14) 24. Rd7 $18 Ne8 {[%cal Bc7e8,Be8d6,Bd6c4,Bc4e3][%mdl 32]} 25. fxg6 ({Stronger than} 25. Rxb7 Nd6 $17) (25. Qd3 $18) 25... hxg6 $16 26. Kg2 $2 {[%mdl 8192] [#]} (26. Qd3 $14 {stays ahead.}) 26... Qe6 $1 $19 {[%cal Re6d7]} 27. Rxb7 Nd6 28. Bxc6 $2 (28. Rxa7 {was the only defense.} Rxa7 29. Bxa7 Nxe4 30. Qe2) 28... Nxc4 ({Worse is} 28... Qxe3 29. Rd7 $14) 29. Qe4 Qxe4+ 30. Bxe4 {aiming for Bc5.} Nxe3+ 31. Kf3 Nc4 {Hoping for ...Rd8.} 32. Rc7 $2 (32. Bd5 Ne5+ 33. Ke4) 32... Nd2+ 33. Ke3 Nxe4 (33... Bh6+ $142 34. Kd4 Rd8+ 35. Bd5 Nf3+ 36. Kc4 Ne5+ 37. Kd4 Ng4) 34. Kxe4 {[%mdl 4096] Endgame KRB-KR} Bf8 35. Kd5 a5 36. b5 {[%cal Bb4b5,Bb5b6,Bb6b7][%mdl 32]} Bxa3 37. b6 {Threatens to win with b7.} Kg7 38. b7 Rb8 39. Kc6 a4 {[%cal Ba5a4,Ba4a3][%mdl 32] And now ...Bb2 would win.} 40. Rc8 {[#]} Bd6 $1 {[%cal Rd6e5][%mdl 512]} 41. Kb6 $2 (41. Kxd6 $17 Rxb7 42. Ra8) 41... a3 42. Rc2 Rh8 43. Ra2 Kf6 44. Kc6 Ke6 45. Re2+ (45. h4 $142) 45... Be5 46. Kb6 Kd5 47. Rc2 g5 {[%cal Bg6g5,Bg5f4,Bf4f3,Bf3f2][%mdl 32]} 48. Rc5+ Ke6 {( -> ...Bd4)} 49. Ra5 Bd6 50. Ka7 f5 51. Ra6 f4 {Black mates.} 52. gxf4 gxf4 53. Rc6 f3 54. h4 f2 55. Rc1 a2 {Precision: White = 35%, Black = 77%.} 0-1

[Event "4NCL Div 1 2018-19"]
[Site "Daventry"]
[Date "2018.11.11"]
[Round "2"]
[White "Morrison, Graham"]
[Black "Toma, Katarzyna"]
[Result "1/2-1/2"]
[WhiteElo "2300"]
[BlackElo "2164"]
[Annotator "TA"]
[PlyCount "69"]
[EventDate "2018.11.10"]
[EventType "team-tourn"]
[EventCountry "GBR"]
[SourceTitle "playchess.com"]
[Source "ChessBase"]
[SourceQuality "1"]

{[%evp 20,69,36,20,37,33,32,7,31,21,37,0,45,28,98,101,118,71,133,66,68,61,96,95,94,99,104,97,119,116,109,109,114,113,114,110,179,165,162,156,142,112,118,89,158,89,89,89,89,89,89,83]} 1. d4 Nf6 2. c4 g6 3. Nc3 d5 4. cxd5 Nxd5 5. e4 Nxc3 6. bxc3 Bg7 7. Nf3 c5 8. Bb5+ Bd7 9. Bxd7+ Nxd7 10. O-O O-O 11. Rb1 {LiveBook: 14 Games} b6 {D85: Exchange Grünfeld: Unusual White 7th moves and lines with 7 Nf3} (11... Qc7 12. Bg5 e6 13. Qd2 Nb6 14. Rfd1 Rfe8 15. h4 Na4 16. h5 Qc6 17. h6 Bh8 18. Re1 f6 19. Bh4 {1-0 (48) Lenic,L (2637)-Volokitin,A (2722) Austria 2013}) 12. Re1 $146 ({Predecessor:} 12. Bg5 Qc7 13. Qd2 f6 14. Bf4 Qb7 15. d5 Qa6 16. Qc2 Rae8 17. c4 e5 18. Bd2 Rf7 19. a4 {½-½ (40) Tomazini,A (2387)-Seidl,S (2172) Pardubice 2017}) 12... Rc8 13. Bg5 Re8 {The position is equal.} 14. Qd2 Qc7 15. d5 Qd6 16. c4 e5 (16... e6 $11) 17. Qc2 $16 Rf8 18. Bd2 h6 (18... Nf6 $142) 19. Nh4 (19. a4 $16) 19... Bf6 $14 20. g3 $1 Bg5 21. Ng2 Bxd2 22. Qxd2 Kh7 23. a4 a5 24. f4 {[%cal Bf2f4,Bf4f5][%mdl 32]} Rce8 25. Qc2 Re7 26. f5 g5 27. Ne3 f6 (27... Nf6 $16 {was called for.} 28. Rb5 Kg7) 28. Nd1 Rg7 29. h3 Nb8 30. Qb3 Rb7 31. Qb5 Rc8 {[#]} ({Black should try} 31... h5) 32. Re3 (32. g4 $142 $1) 32... h5 $16 {White is better.} 33. Kf1 Kg7 34. Ke2 Kf7 35. Nc3 {Precision: White = 52%, Black = 42%.} 1/2-1/2

[Event "4NCL Div 1 2018-19"]
[Site "Daventry"]
[Date "2018.11.11"]
[Round "2"]
[White "Touzane, Olivier"]
[Black "Kilpatrick, Callum"]
[Result "1/2-1/2"]
[WhiteElo "2297"]
[BlackElo "2353"]
[Annotator "TA"]
[PlyCount "120"]
[EventDate "2018.11.10"]
[EventType "team-tourn"]
[EventCountry "GBR"]
[SourceTitle "playchess.com"]
[Source "ChessBase"]
[SourceQuality "1"]

{[%evp 10,120,39,13,31,10,21,12,21,14,12,18,68,38,82,47,94,73,79,92,102,89,82,91,88,85,75,70,75,0,0,0,0,-56,-56,-55,-6,-13,0,0,0,0,32,-11,-9,-14,-14,-13,-5,-11,-6,-6,-6,-31,-8,-12,-12,-13,-13,-41,-12,-22,-22,-23,-25,-52,-24,-24,-30,-23,-23,-24,-24,-61,-66,-68,-26,-26,0,0,0,0,0,0,0,0,0,0,0,0,0,0,0,0,0,0,0,0,0,0,0,0,0,0,0,0,0,0,0,0,0,0,0]} 1. d4 Nf6 2. Bf4 c5 3. d5 (3. e3 Qb6 4. Nc3 a6 5. Bc4 cxd4 6. exd4 e6 7. Nge2 d5 8. Bb3 Bd7 9. O-O Be7 10. Qe1 O-O 11. Rd1 Nc6 {1-0 (23) Aronian,L (2767)-Giri,A (2782) chess.com INT 2018}) 3... d6 4. Nc3 g6 5. e4 Bg7 6. Qd2 {LiveBook: 7 Games. A45: Trompowsky Attack} Qb6 7. Bb5+ Bd7 8. a4 a6 $146 ({Predecessor:} 8... O-O 9. Nge2 Bxb5 10. axb5 Nbd7 {1-0 (34) Hebden,M (2494)-Golding,A (2160) Southend 2017}) 9. Bxd7+ $1 Nbxd7 10. Nge2 O-O 11. O-O Rfe8 12. Kh1 e6 13. dxe6 Rxe6 14. f3 Ne5 15. b3 Qa5 16. Bh6 Nc6 17. Bxg7 Kxg7 18. Rfd1 Rd8 19. Qc1 ({White should play} 19. Nd5 $16) 19... d5 $11 20. exd5 Nxd5 21. Qb2 (21. Nxd5 $11 Rxe2 22. Qb2+ Kg8 23. h3) 21... Nxc3 $15 22. Nxc3 Rxd1+ 23. Rxd1 Nd4 24. Ne4 $36 {[%mdl 2048] White is more active.} f5 25. c3 Nc6 26. b4 cxb4 27. cxb4+ Qe5 28. Qxe5+ Rxe5 $11 {[%mdl 4096] Endgame KRN-KRN} 29. Nc5 b5 30. Nxa6 bxa4 {[#] Threatens to win with ...Nd4!} 31. h4 Rb5 32. Ra1 Nxb4 33. Rxa4 Nd5 34. Rc4 Rb2 {White must now prevent ...Ne3.} 35. Rd4 Ne3 36. g4 $1 Rf2 37. Rd7+ Kg8 38. Rd8+ Kf7 39. Rd7+ Kf6 {Hoping for ...h6.} 40. Rxh7 Ke5 41. gxf5 Kf4 {[#] ( -> ...Kg3)} 42. Rg7 (42. fxg6 $2 {gets mated.} Kg3 43. Rh8 Rf1#) 42... Kg3 {[%cal Rf2f1]} 43. Rxg6+ Kh3 44. Nc5 {The position is equal.} Rf1+ 45. Rg1 {And now Rxf1 would win.} Rxf3 46. Ne4 {Threatening mate with Ng5+.} (46. f6 {seems wilder.} Kxh4 47. Re1 Nd5 48. Ne4 Nxf6 49. Kg2) 46... Kxh4 {[%cal Rf3h3]} 47. Re1 Nxf5 48. Kg2 Ra3 49. Rh1+ Kg4 50. Nf2+ Kf4 51. Nh3+ Ke3 52. Re1+ Kd2 53. Re8 Rg3+ 54. Kh2 $1 Rg4 55. Nf2 Rg7 56. Nh3 Nd4 57. Nf4 Rg4 58. Ng2 Ne2 59. Rd8+ Rd4 60. Rxd4+ Nxd4 {Precision: White = 70%, Black = 52%.} 1/2-1/2

[Event "4NCL Div 1 2018-19"]
[Site "Daventry"]
[Date "2018.11.11"]
[Round "2"]
[White "Cooper, John G"]
[Black "McKay, Roderick M"]
[Result "0-1"]
[WhiteElo "2290"]
[BlackElo "2309"]
[Annotator "TA"]
[PlyCount "74"]
[EventDate "2018.11.10"]
[EventType "team-tourn"]
[EventCountry "GBR"]
[SourceTitle "playchess.com"]
[Source "ChessBase"]
[SourceQuality "1"]

{[%evp 10,74,54,57,94,18,18,22,10,-16,-10,-22,21,23,42,20,47,41,62,58,59,47,106,-12,36,-39,-43,-56,-38,-89,-77,-89,-77,-141,-130,-130,-111,-118,-107,-119,-107,-120,-55,-132,-43,-69,-28,-68,-65,-144,-147,-203,-193,-191,-189,-310,-203,-343,-302,-310,-292,-654,-645,-680,-683,-657,-656]} 1. Nf3 d6 2. d4 f5 3. g3 Nf6 4. Bg2 c6 5. O-O Qc7 6. Nbd2 {LiveBook: 5 Partien. A81: Holländische Verteidigung (Leningrader Variante)} (6. Nc3 e5 7. dxe5 dxe5 8. e4 fxe4 9. Ng5 Bf5 10. Qe2 Nbd7 11. Be3 h6 12. Ngxe4 Be7 13. Qc4 Nxe4 14. Bxe4 Bxe4 15. Nxe4 {1-0 (66) Roiz,M (2579)-Wojtaszek,R (2569) Warsaw 2005}) 6... Na6 7. b3 $146 ({Besser ist} 7. Re1 $16) ({Vorgänger:} 7. Re1 g6 8. c3 Bg7 9. e4 fxe4 10. Nxe4 Nxe4 11. Rxe4 Bf5 12. Re1 O-O 13. Nh4 e5 14. dxe5 dxe5 {½-½ (45) Orr,M (2140)-McKay,R (2326) Dundee 2017}) 7... e5 $11 8. dxe5 {Die Stellung ist ausgeglichen.} dxe5 9. Bb2 e4 10. Nh4 Be6 11. Nc4 Be7 12. Be5 Qd7 13. Qxd7+ $1 Nxd7 14. Bxg7 Rg8 15. Bc3 b5 (15... Nb6 $14) 16. Nd2 (16. Na5 $1 $16) 16... Nb6 {[%cal Bd7b6,Bb6d5,Bd5f4,Bf4h3][%mdl 32]} 17. Nxf5 (17. Kh1 $14) 17... Bxf5 $15 18. Nxe4 O-O-O 19. a4 (19. Nf6 $15 Rgf8 20. e4) 19... bxa4 20. bxa4 Rg6 {Und weiter mit ...Te6 wäre nett.} 21. a5 ({Günstiger ist} 21. Nd2) 21... Nd5 $1 $17 {zielt auf ...Lxe4 ab.} 22. Bb2 {[#]} Nf4 $1 {[%mdl 512]} 23. Bf3 (23. gxf4 Bxe4) 23... Nh3+ 24. Kg2 Re6 $1 25. Ra4 {[#]} Nb4 (25... Bb4 $1 $17 26. c3 Bxe4 27. Bxe4 Rxe4 28. cxb4 Ng5) 26. c3 (26. Bf6 $15 Bxf6 27. Rxb4) 26... Nd5 (26... Bxe4 $17 27. Bxe4 Rxe4) 27. Bc1 $15 Rg8 {Droht ...Shf4+ und aus.} 28. Rd1 Nhf4+ 29. Kf1 {[#]} (29. Bxf4 $15 Nxf4+ 30. Kf1) 29... Nxe2 $1 $17 {[%mdl 512]} 30. Rc4 (30. Bd2 $17 {kämpft weiter.}) (30. Kxe2 Nxc3+) 30... Nxc1 31. Rxd5 {[#]} Bh3+ $1 32. Ke1 (32. Kg1 $142) 32... Rf8 33. Bh1 (33. Rh5 $142) 33... Rf5 34. Rxf5 Bxf5 35. a6 $2 (35. Kd2 Nb3+ 36. Ke3) 35... Nd3+ $19 {Schwarz steht klar auf Gewinn.} 36. Kd2 Nb2 37. Rd4 c5 {Precision: Weiß = 34%, Schwarz = 63%.} 0-1

[Event "4NCL Div 1 2018-19"]
[Site "Daventry"]
[Date "2018.11.11"]
[Round "2"]
[White "Berry, Neil"]
[Black "Blackburn, Jonathan L B"]
[Result "1/2-1/2"]
[WhiteElo "2274"]
[BlackElo "2212"]
[Annotator "NA"]
[PlyCount "44"]
[EventDate "2018.11.10"]
[EventType "team-tourn"]
[EventCountry "GBR"]
[SourceTitle "playchess.com"]
[Source "ChessBase"]
[SourceQuality "1"]
[TimeControl "40/6000+30:3000+30"]

1. d4 {[%emt 0:00:00]} e6 {[%emt 0:07:13]} 2. c4 {[%emt 0:00:07]} Nf6 {[%emt 0:00:44]} 3. g3 {[%emt 0:01:05]} c5 {[%emt 0:01:15]} 4. d5 {[%emt 0:00:31]} exd5 {[%emt 0:00:10]} 5. cxd5 {[%emt 0:00:07]} d6 {[%emt 0:00:07]} 6. Nc3 {[%emt 0:00:21]} g6 {[%emt 0:00:09]} 7. Bg2 {[%emt 0:00:11]} Bg7 {[%emt 0:00:04]} 8. Nf3 {[%emt 0:00:06]} O-O {[%emt 0:00:07]} 9. O-O {[%emt 0:00:05]} Re8 {[%emt 0:00:52]} 10. Bf4 {[%emt 0:00:48]} a6 {[%emt 0:01:47]} 11. a4 {[%emt 0:00:25]} Bf5 {[%emt 0:01:13]} 12. Nh4 {[%emt 0:10:17]} Bg4 {[%emt 0:00:48]} 13. h3 {[%emt 0:08:50]} Nh5 {[%emt 0:04:55]} 14. Bxd6 {[%emt 0:08:13]} Bxe2 15. Nxe2 {[%emt 0:05:39]} Qxd6 16. Nf3 {[%emt 0:10:46]} Nd7 {[%emt 0:07:51]} 17. Nc3 {[%emt 0:02:58]} b5 18. axb5 {[%emt 0:12:48]} axb5 19. Nxb5 {[%emt 0:03:53]} Qb6 {[%emt 0:21:47]} 20. Rxa8 {[%emt 0:01:34]} Rxa8 21. Na3 {[%emt 0:00:39]} Qxb2 22. Nc4 {[%emt 0:05:45]} Qc3 {[%emt 0:18:14]} 1/2-1/2

[Event "4NCL Div 1 2018-19"]
[Site "Daventry"]
[Date "2018.11.11"]
[Round "2"]
[White "Golding, Alex"]
[Black "Bentley, John L"]
[Result "1-0"]
[WhiteElo "2263"]
[BlackElo "2135"]
[Annotator "TA"]
[PlyCount "89"]
[EventDate "2018.11.10"]
[EventType "team-tourn"]
[EventCountry "GBR"]
[SourceTitle "playchess.com"]
[Source "ChessBase"]
[SourceQuality "1"]

{[%evp 15,89,3,50,30,63,47,78,42,113,119,120,113,115,41,34,31,63,46,91,52,56,69,97,96,130,133,275,252,296,261,324,260,268,269,255,262,243,205,198,202,197,168,210,181,181,171,174,169,366,352,402,416,385,377,392,310,272,268,307,308,257,210,326,343,442,269,1235,1009,2064,1920,29987,2195,2065,2062,1883,1831]} 1. d4 Nf6 2. Nf3 g6 3. c4 Bg7 4. Nc3 O-O 5. Bg5 d6 6. e4 Na6 7. Be2 h6 8. Bh4 Qe8 {LiveBook: 13 Games. E91: King's Indian: Classical: 6 Be2, unusual replies including 6...c5 and 6...Bg4} 9. Qd2 c6 $146 ({Predecessor:} 9... Nd7 10. O-O e5 11. Rfe1 g5 12. Bg3 g4 13. Nh4 exd4 14. Nb5 Ndc5 15. f3 f5 16. exf5 {1-0 (35) Ikonnikov,V (2556)-Leenhouts,K (2413) Vlissingen 2009}) 10. h3 Nc7 {White is slightly better.} 11. O-O Kh7 (11... e5 $14) 12. e5 dxe5 13. Nxe5 Nd7 14. Bg3 (14. Nf3 $16) 14... Nxe5 $14 15. dxe5 Bf5 16. Qe3 h5 17. Bh2 Bh6 18. f4 Qc8 19. Rad1 Rg8 20. Kh1 b6 {[#]} (20... Be6 $16 21. b3 Rd8) 21. Qf3 $1 $18 Bd7 22. Bd3 Ne6 23. Qxh5 Nc5 24. Bc2 Bf5 25. Bxf5 Qxf5 26. Qe2 Rad8 27. g4 Qc8 28. Bg1 Ne6 29. Be3 Rxd1 30. Qxd1 Rd8 31. Qe2 Qd7 $2 (31... Qc7 32. f5 Nd4) 32. f5 Nd4 33. Bxd4 Qxd4 34. Rd1 Bd2 35. Nb1 Qxb2 {Threatens to win with ...Bc3.} 36. Nxd2 Qc2 37. e6 f6 38. fxg6+ Kg7 (38... Kxg6 $142 39. h4 Rd4) 39. h4 Rd3 40. h5 Rh3+ $2 (40... Re3 41. Qf1 Rg3) 41. Kg2 Rd3 {[#]} 42. g5 $1 f5 (42... fxg5 43. h6+) 43. h6+ (43. Qe5+ $142 Kg8 44. Qb8+ Kg7 45. h6+ Kxg6 46. Qe8+ Kxg5 47. Qxe7+ Kf4 48. Qc7+ Rd6 49. Qxd6+ Kg5 {[#]} 50. e7 $1 {[%mdl 512]}) 43... Kxg6 {[#]} 44. h7 $1 Rd8 (44... Kxh7 45. Qh5+) 45. Kf2 {Precision: White = 73%, Black = 35%.} 1-0

[Event "4NCL Div 1 2018-19"]
[Site "Daventry"]
[Date "2018.11.11"]
[Round "2"]
[White "Holland, James P"]
[Black "Ansell, Simon T"]
[Result "1/2-1/2"]
[WhiteElo "2260"]
[BlackElo "2336"]
[Annotator "TA"]
[PlyCount "90"]
[EventDate "2018.11.10"]
[EventType "team-tourn"]
[EventCountry "GBR"]
[SourceTitle "playchess.com"]
[Source "ChessBase"]
[SourceQuality "1"]

{[%evp 15,90,-8,-8,-38,-28,-54,-56,-64,-41,-89,-90,-107,-31,-69,-40,-41,-34,-23,-11,-28,2,-52,-45,-53,-52,-77,-79,-92,-80,-86,-86,-87,-77,-78,-77,-77,-77,-90,-83,-91,-85,-79,-55,-77,-21,-23,0,-22,-6,-2,0,0,0,0,0,0,0,-10,0,0,0,0,0,0,0,-18,0,-18,0,0,0,0,0,0,0,0,0]} 1. e4 c5 2. Nf3 Nc6 3. Bb5 g6 4. O-O Bg7 5. Re1 e5 6. d3 Nge7 7. Be3 {B31: Sizilianisch (Rossolimo-Variante)} d6 8. c3 O-O {LiveBook: 21 Partien} 9. Nh4 $146 ({Vorgänger:} 9. h3) 9... Be6 10. Qc1 Rc8 11. Nd2 h6 12. g3 g5 13. Ng2 {[#]} Nd4 (13... f5 $1 $17 {[%cal Rf5f4] ...f4 ist eine echte Drohung.} 14. f4 gxf4 15. gxf4 Ng6) 14. Bc4 d5 15. exd5 Nxd5 16. a4 Nf5 17. Ne4 Nfxe3 18. fxe3 (18. Nxe3 $11 f5 19. Nd2) 18... f5 $36 {[%cal Bf7f5,Bf5f4][%mdl 2080] Schwarz hat Druck.} 19. Nf2 Nc7 $1 20. e4 f4 21. g4 Qd7 22. h3 Qf7 23. b3 b6 24. Rf1 a6 {[%cal Ba7a6,Ba6b5][%mdl 32]} 25. Ne1 b5 26. axb5 axb5 27. Bxe6 Nxe6 28. Nf3 Qb7 29. Qb2 Rfd8 ({Günstiger ist} 29... b4 $17) 30. Ra5 $11 Ra8 31. Rfa1 {Die Stellung ist ausgeglichen.} Rxa5 32. Rxa5 Ra8 33. Qa2 Rxa5 34. Qxa5 Bf6 35. Qa2 Kf7 36. Nd1 Qd7 37. Nf2 Qb7 38. Kf1 Ke7 39. Ke2 Qb6 40. Nd1 Qb7 41. b4 Qb6 42. bxc5 Qxc5 43. Qa8 Nd8 44. Qb8 Kf7 45. Kd2 Kg7 {Precision: Weiß = 48%, Schwarz = 49%.} 1/2-1/2

[Event "4NCL Div 1 2018-19"]
[Site "Daventry"]
[Date "2018.11.11"]
[Round "2"]
[White "Rose, Matthew"]
[Black "Mueller, Constantin"]
[Result "1/2-1/2"]
[WhiteElo "2249"]
[BlackElo "2276"]
[Annotator "TA"]
[PlyCount "97"]
[EventDate "2018.11.10"]
[EventType "team-tourn"]
[EventCountry "GBR"]
[SourceTitle "playchess.com"]
[Source "ChessBase"]
[SourceQuality "1"]

{[%evp 15,97,6,4,-8,23,12,27,26,25,29,19,22,35,29,47,33,19,12,25,29,59,42,49,43,60,57,54,56,70,43,29,16,21,0,11,10,21,6,18,18,13,26,68,66,85,0,0,0,0,-10,-5,-7,0,-5,-10,-23,0,0,0,0,11,22,15,0,58,52,47,0,0,0,10,0,0,-22,0,0,0,0,0,-10,0,-21,0,-4]} 1. e4 e6 2. d4 d5 3. Nd2 a6 4. Ngf3 c5 5. c3 Nc6 6. exd5 exd5 7. dxc5 {C07: French Tarrasch: 3...c5, 4 Ngf3 and 4 exd5 Qxd5} Bxc5 8. Nb3 Bb6 {LiveBook: 15 Games} 9. Bg5 f6 10. Bf4 Bg4 $146 ({Predecessor:} 10... Nge7 11. Bd3 Bg4 12. h3 Bh5 13. g4 Bg6 14. Bg3 O-O 15. Qc2 Ne5 16. Nxe5 fxe5 17. Bxg6 Nxg6 {½-½ (57) Gorbatov,A (2363)-Ibragimov,I (2539) Sochi 2012}) 11. Be2 Nge7 12. O-O O-O 13. Qd2 Qd7 14. Be3 Bc7 15. Nc5 Qc8 16. Rfe1 Re8 17. Rad1 b6 18. Nb3 Ne5 19. Nxe5 fxe5 20. Bg5 Be6 21. Bh5 Ng6 22. Bxg6 hxg6 23. Qd3 Bf7 24. Qg3 Qf5 25. Qh4 Be6 26. f4 e4 27. Nd4 Qg4 28. Qf2 {Threatens to win with h3.} Bc8 29. Nc2 {Black must now prevent Ne3.} Bb7 30. h3 (30. Qd4 $16) 30... Qe6 $11 31. Nd4 Qf7 32. Kh1 Rf8 {[%cal Rc7f4]} 33. Rf1 Rae8 34. Qe3 Qd7 35. Rd2 Rf7 36. Rdf2 Qd6 37. g4 b5 38. f5 Bb6 39. Bf4 Qd7 (39... Qf6 $11) 40. fxg6 $14 Rf6 41. Bg5 Rxg6 {The position is equal.} 42. Rf5 Qd6 43. a3 Bc8 44. R5f2 Qe5 45. Bf4 Qe7 46. Bg3 a5 47. b4 axb4 48. axb4 Rh6 49. Bf4 {Precision: White = 51%, Black = 56%.} 1/2-1/2